Phương pháp dạy học môn toán
Bao gồm những tri thức căn bản về lĩnh vực phương pháp dạy học môn Toán: từ giới thiệu đại cương về bộ môn tới mục đích, nội dung và phương pháp dạy học môn Toán cho đến cả việc lập kế hoạch dạy học và soạn bài
Uloženo v:
| Hlavní autor: | |
|---|---|
| Médium: | Kniha |
| Jazyk: | Vietnamese |
| Vydáno: |
H.
Đại học Sư phạm
2007
|
| Témata: | |
| Tagy: |
Přidat tag
Žádné tagy, Buďte první, kdo otaguje tento záznam!
|
| Thư viện lưu trữ: | Mạng thư viện Đại học Đà Nẵng |
|---|
| LEADER | 01161aam a22003258a 4500 | ||
|---|---|---|---|
| 001 | 000006464 | ||
| 003 | 2620 | ||
| 005 | 20110912100947.0 | ||
| 008 | 110912s2007 viesd | ||
| 020 | |c 46000đ |d 1000b | ||
| 041 | |a vie | ||
| 082 | 1 | 4 | |2 14 |a 510.71 |
| 084 | |a C1n3 |b PH561P | ||
| 100 | 1 | |a Nguyễn Bá Kim | |
| 245 | |a Phương pháp dạy học môn toán |c Nguyễn Bá Kim | ||
| 260 | |a H. |b Đại học Sư phạm |c 2007 | ||
| 300 | |a 460tr. |c 21cm | ||
| 504 | |a Thư mục: tr. 453-460 | ||
| 520 | |a Bao gồm những tri thức căn bản về lĩnh vực phương pháp dạy học môn Toán: từ giới thiệu đại cương về bộ môn tới mục đích, nội dung và phương pháp dạy học môn Toán cho đến cả việc lập kế hoạch dạy học và soạn bài | ||
| 650 | 7 | |2 Bộ TK TVQG |a Toán | |
| 650 | 7 | |2 Bộ TK TVQG |a Phương pháp giảng dạy | |
| 655 | 7 | |2 Bộ TK TVQG |a Giáo trình | |
| OWN | |a LSP | ||
| 999 | |a From the UDN01 | ||
| TYP | |a Monograph | ||
| TYP | |a Printed language | ||
| 980 | |a Mạng thư viện Đại học Đà Nẵng | ||